000 00932nam a22002777a 4500
001 6728
003 FISKH
005 20250523101301.0
008 250523b cb ||||| |||| 00| 0 eng d
020 _a9780545203890
040 _aFISKH
_beng
_cFISKH
_dFISKH
050 _aLB3013 .A332
082 _a371.7
100 _aAgassi, Martine
245 _aHands are not for hitting /
_cMartine Agassi, Ph. D. ; Illustrated by Marieka Heinlen
260 _aNew York :
_bScholastic,
_c2009
300 _a35 pages ;
_bcolor illustrations ;
_c21 cm
505 _aK
520 _aDemonstrates that "hands are not for hitting" by suggesting many positive uses for them, such as saying hello, playing, creating, and helping.
521 8 _a510
_bLexile AD
521 8 _aK
_bRaz-Plus
650 _aAnger Behavior
_vEmotions & Feelings
700 _aHeinlen, Marieka
_eillustrator
942 _2ddc
_cBK
_n0
999 _c6728
_d6728